[Event "DEM U12 2025"]
[Site "Willingen GER"]
[Date "2025.06.08"]
[Round "1"]
[White "Nezhyvenko, Mykhaylo"]
[Black "Martin Fernandez, Félix"]
[Result "1-0"]
[Termination "normal"]
[Board "1"]
[WhiteElo "2165"]
[BlackElo "1723"]
[WhiteClock "01:08:26"]
[BlackClock "01:05:22"]
[PlyCount "60"]
[WhiteFideId "34139885"]
[BlackFideId "34605622"]
[EventCountry "GER"]
[EventRounds "9"]
[EventType "swiss"]
[EventDate "2025.06.07"]

1. e4 {[%clk 01:30:25]} {[%emt 00:00:35]} c6 {[%clk 01:30:46]} {[%emt
00:00:14]} 2. d4 {[%clk 01:30:03]} {[%emt 00:00:52]} d5 {[%clk 01:31:06]}
{[%emt 00:00:11]} 3. Nc3 {[%clk 01:28:14]} {[%emt 00:02:18]} dxe4 {[%clk
01:31:17]} {[%emt 00:00:19]} 4. Nxe4 {[%clk 01:27:48]} {[%emt 00:00:56]} Nf6
{[%clk 01:31:42]} {[%emt 00:00:05]} 5. Nxf6+ {[%clk 01:27:10]} {[%emt
00:01:09]} exf6 {[%clk 01:32:05]} {[%emt 00:00:07]} 6. c3 {[%clk 01:27:17]}
{[%emt 00:00:23]} Bd6 {[%clk 01:31:45]} {[%emt 00:00:49]} 7. Bd3 {[%clk
01:27:12]} {[%emt 00:00:35]} O-O {[%clk 01:32:01]} {[%emt 00:00:14]} 8. Ne2
{[%clk 01:26:52]} {[%emt 00:00:49]} Re8 {[%clk 01:30:04]} {[%emt 00:02:27]} 9.
O-O {[%clk 01:26:59]} {[%emt 00:00:23]} Nd7 {[%clk 01:29:30]} {[%emt 00:01:05]}
10. Bf4 {[%clk 01:27:21]} {[%emt 00:00:07]} Nf8 {[%clk 01:28:11]} {[%emt
00:01:49]} 11. Bxd6 {[%clk 01:27:36]} {[%emt 00:00:15]} Qxd6 {[%clk 01:28:37]}
{[%emt 00:00:05]} 12. Qd2 {[%clk 01:27:54]} {[%emt 00:00:12]} Ng6 {[%clk
01:27:02]} {[%emt 00:02:05]} 13. Rae1 {[%clk 01:26:26]} {[%emt 00:01:57]} Be6
{[%clk 01:24:57]} {[%emt 00:02:35]} 14. c4 {[%clk 01:23:38]} {[%emt 00:03:19]}
b5 {[%clk 01:21:13]} {[%emt 01:09:58]} 15. cxb5 {[%clk 01:21:07]} Bd5 {[%clk
01:21:37]} 16. f3 {[%clk 01:18:58]} Bxa2 {[%clk 01:19:07]} 17. bxc6 {[%clk
01:19:16]} Bd5 {[%clk 01:16:07]} 18. c7 {[%clk 01:13:19]} Qxc7 {[%clk
01:15:27]} 19. Nc3 {[%clk 01:13:42]} Bb3 {[%clk 01:10:19]} 20. Rxe8+ {[%clk
01:12:31]} Rxe8 {[%clk 01:10:43]} 21. Re1 {[%clk 01:12:54]} Kf8 {[%clk
01:08:01]} 22. Nb5 {[%clk 01:11:14]} Rxe1+ {[%clk 01:08:22]} 23. Qxe1 {[%clk
01:11:42]} Qe7 {[%clk 01:06:00]} 24. Qxe7+ {[%clk 01:10:45]} Kxe7 {[%clk
01:06:25]} 25. Nxa7 {[%clk 01:10:00]} Nf4 {[%clk 01:06:05]} 26. Bf1 {[%clk
01:09:59]} Kd6 {[%clk 01:06:15]} 27. Kf2 {[%clk 01:10:06]} Kd5 {[%clk
01:05:02]} 28. Ke3 {[%clk 01:08:13]} Ne6 {[%clk 01:05:22]} 29. Nb5 {[%clk
01:08:26]} Ba4 30. Nc3+ Bb3 1-0

[Event "DEM U12 2025"]
[Site "Willingen GER"]
[Date "2025.06.08"]
[Round "1"]
[White "Shalovylo, Matvii"]
[Black "Shen, Tingrui"]
[Result "0-1"]
[Termination "normal"]
[Board "2"]
[WhiteElo "1788"]
[BlackElo "2101"]
[WhiteClock "00:29:16"]
[BlackClock "00:10:32"]
[PlyCount "106"]
[WhiteFideId "41846516"]
[BlackFideId "34603441"]
[EventCountry "GER"]
[EventRounds "9"]
[EventType "swiss"]
[EventDate "2025.06.07"]

1. d4 {[%clk 01:30:59]} d5 {[%clk 01:30:21]} {[%emt 00:00:39]} 2. c4 {[%clk
01:31:18]} {[%emt 00:00:11]} e6 {[%clk 01:30:10]} {[%emt 00:00:42]} 3. Nf3
{[%clk 01:31:42]} {[%emt 00:00:06]} Nf6 {[%clk 01:30:28]} {[%emt 00:00:12]} 4.
g3 {[%clk 01:32:07]} {[%emt 00:00:05]} Bb4+ {[%clk 01:29:46]} {[%emt 00:01:12]}
5. Bd2 {[%clk 01:32:01]} {[%emt 00:00:36]} Be7 {[%clk 01:28:49]} {[%emt
00:01:27]} 6. Bg2 {[%clk 01:31:38]} {[%emt 00:00:53]} O-O {[%clk 01:29:09]}
{[%emt 00:00:10]} 7. O-O {[%clk 01:31:47]} {[%emt 00:00:22]} Ne4 {[%clk
01:29:20]} {[%emt 00:00:18]} 8. Qc2 {[%emt 00:02:19]} c6 {[%clk 01:28:20]}
{[%emt 00:01:27]} 9. e3 {[%clk 01:27:43]} {[%emt 00:02:47]} Nd7 {[%clk
01:26:14]} {[%emt 00:02:36]} 10. b3 {[%clk 01:27:17]} {[%emt 00:00:56]} f5
{[%clk 01:23:26]} {[%emt 00:03:18]} 11. Nc3 {[%clk 01:25:28]} {[%emt 00:02:19]}
Bf6 {[%clk 01:19:39]} {[%emt 00:04:16]} 12. Rad1 {[%clk 01:22:28]} {[%emt
01:09:06]} b6 {[%clk 01:17:20]} 13. Rfe1 {[%clk 01:17:41]} Qe7 {[%clk
01:14:11]} 14. Bc1 {[%clk 01:11:43]} Bb7 {[%clk 01:08:02]} 15. Bb2 {[%clk
01:02:59]} Rac8 {[%clk 01:04:17]} 16. Rc1 {[%clk 00:57:20]} c5 {[%clk
00:55:25]} 17. Qd3 {[%clk 00:55:20]} Ba6 {[%clk 00:49:02]} 18. Nb5 Bxb5 {[%clk
00:45:31]} {[%emt 00:02:54]} 19. cxb5 {[%clk 00:54:57]} {[%emt 00:00:10]} Rc7
{[%clk 00:36:40]} {[%emt 00:09:21]} 20. Rc2 {[%clk 00:53:33]} {[%emt 00:01:54]}
Rfc8 {[%clk 00:33:07]} {[%emt 00:04:02]} 21. Rec1 {[%clk 00:34:17]} {[%emt
00:19:46]} Nd6 {[%clk 00:25:58]} {[%emt 00:07:39]} 22. Nd2 {[%clk 00:28:12]}
{[%emt 00:06:35]} Nb7 {[%clk 00:24:28]} {[%emt 00:02:00]} 23. a4 {[%clk
00:25:34]} {[%emt 00:03:09]} g6 {[%clk 00:18:07]} {[%emt 00:06:50]} 24. Kf1
{[%clk 00:20:56]} {[%emt 00:05:08]} Qg7 {[%clk 00:13:25]} {[%emt 00:05:12]} 25.
Ke1 {[%clk 00:13:03]} {[%emt 00:08:23]} Nf8 {[%clk 00:10:28]} {[%emt 00:03:27]}
26. Kd1 {[%clk 00:10:54]} {[%emt 00:02:39]} Rd7 {[%clk 00:08:23]} {[%emt
00:02:35]} 27. f4 {[%clk 00:10:03]} {[%emt 00:01:21]} Rdc7 {[%clk 00:07:28]}
{[%emt 00:01:26]} 28. Bf3 {[%clk 00:08:14]} {[%emt 00:02:19]} Nd7 {[%clk
00:06:45]} {[%emt 00:01:12]} 29. Bg2 {[%clk 00:07:21]} {[%emt 00:01:23]} Nd6
{[%clk 00:06:47]} {[%emt 00:00:28]} 30. Ba3 {[%clk 00:02:56]} {[%emt 00:04:55]}
g5 {[%clk 00:04:11]} {[%emt 00:03:06]} 31. Qf1 {[%clk 00:02:02]} {[%emt
00:01:25]} Nb7 {[%clk 00:02:47]} {[%emt 00:01:53]} 32. Bh1 {[%clk 00:00:51]}
{[%emt 00:01:41]} Nf8 {[%clk 00:02:42]} {[%emt 00:00:35]} 33. Bb2 {[%clk
00:01:03]} {[%emt 00:00:19]} cxd4 {[%clk 00:02:36]} {[%emt 00:00:36]} 34. Rxc7
{[%clk 00:01:23]} {[%emt 00:00:10]} Rxc7 {[%clk 00:02:58]} {[%emt 00:00:07]}
35. Rxc7 {[%clk 00:01:45]} {[%emt 00:00:08]} Qxc7 {[%clk 00:03:18]} {[%emt
00:00:10]} 36. Bxd4 {[%clk 00:01:42]} {[%emt 00:00:34]} Bxd4 {[%clk 00:03:35]}
{[%emt 00:00:13]} 37. exd4 {[%clk 00:02:05]} {[%emt 00:00:07]} gxf4 {[%clk
00:03:10]} {[%emt 00:00:54]} 38. gxf4 {[%clk 00:02:05]} {[%emt 00:00:30]} Ng6
{[%clk 00:03:20]} {[%emt 00:00:20]} 39. Qe1 {[%clk 00:01:31]} {[%emt 00:01:05]}
Kf7 {[%clk 00:02:51]} {[%emt 00:00:58]} 40. Nf3 {[%clk 00:00:56]} {[%emt
00:01:06]} Qxf4 {[%clk 00:02:42]} {[%emt 00:00:39]} 41. h4 {[%clk 00:00:59]}
{[%emt 00:00:27]} Ke7 {[%clk 00:25:49]} {[%emt 00:07:22]} 42. Qc3 {[%clk
00:30:28]} {[%emt 00:00:54]} h5 {[%clk 00:14:58]} {[%emt 00:11:28]} 43. Ne5
{[%clk 00:27:19]} {[%emt 00:03:39]} Qf1+ {[%clk 00:13:10]} {[%emt 00:02:18]}
44. Kd2 {[%clk 00:27:29]} {[%emt 00:00:19]} Nxe5 {[%clk 00:12:06]} {[%emt
00:01:36]} 45. dxe5 {[%clk 00:27:25]} {[%emt 00:00:34]} Qf4+ {[%clk 00:10:13]}
{[%emt 00:02:22]} 46. Kd1 {[%clk 00:27:29]} {[%emt 00:00:27]} Nc5 {[%clk
00:10:30]} {[%emt 00:00:13]} 47. b4 {[%clk 00:27:37]} {[%emt 00:00:23]} Qf1+
{[%clk 00:09:32]} {[%emt 00:01:26]} 48. Kd2 {[%clk 00:27:48]} {[%emt 00:00:20]}
Qf2+ {[%clk 00:09:53]} {[%emt 00:00:09]} 49. Kd1 {[%clk 00:28:08]} {[%emt
00:00:10]} Qg1+ {[%clk 00:09:35]} {[%emt 00:00:47]} 50. Qe1 {[%clk 00:28:07]}
{[%emt 00:00:32]} Qxe1+ {[%clk 00:09:53]} {[%emt 00:00:12]} 51. Kxe1 {[%clk
00:28:31]} {[%emt 00:00:06]} Nd3+ {[%clk 00:10:14]} {[%emt 00:00:09]} 52. Kd2
{[%clk 00:28:54]} {[%emt 00:00:08]} Nxe5 {[%clk 00:10:25]} {[%emt 00:00:18]}
53. Kc3 {[%clk 00:29:16]} {[%emt 00:00:08]} Kd6 {[%clk 00:10:32]} {[%emt
00:00:23]} 0-1

[Event "DEM U12 2025"]
[Site "Willingen GER"]
[Date "2025.06.08"]
[Round "1"]
[White "Li, Yunqi"]
[Black "Nain, Medhansh"]
[Result "1-0"]
[Termination "normal"]
[Board "3"]
[WhiteElo "2124"]
[BlackElo "1732"]
[WhiteClock "00:19:36"]
[BlackClock "00:36:57"]
[PlyCount "91"]
[WhiteFideId "34610618"]
[BlackFideId "34684875"]
[EventCountry "GER"]
[EventRounds "9"]
[EventType "swiss"]
[EventDate "2025.06.07"]

1. d4 {[%clk 01:30:57]} {[%emt 00:00:03]} Nf6 {[%clk 01:30:55]} {[%emt
00:00:05]} 2. Nf3 {[%clk 01:31:21]} {[%emt 00:00:06]} g6 {[%clk 01:31:19]}
{[%emt 00:00:06]} 3. Bg5 {[%clk 01:31:44]} {[%emt 00:00:06]} Bg7 {[%clk
01:31:44]} {[%emt 00:00:06]} 4. Nbd2 {[%clk 01:32:06]} {[%emt 00:00:07]} O-O
{[%clk 01:32:08]} {[%emt 00:00:06]} 5. c3 {[%clk 01:32:31]} {[%emt 00:00:06]}
d6 {[%clk 01:32:30]} {[%emt 00:00:09]} 6. e4 {[%clk 01:32:44]} {[%emt
00:00:16]} c5 {[%clk 01:32:57]} {[%emt 00:00:04]} 7. dxc5 {[%clk 01:32:45]}
{[%emt 00:00:30]} dxc5 {[%clk 01:33:22]} {[%emt 00:00:05]} 8. Bc4 {[%clk
01:33:04]} {[%emt 00:00:10]} Nc6 {[%clk 01:33:45]} {[%emt 00:00:07]} 9. O-O
{[%clk 01:32:46]} {[%emt 00:00:48]} Qc7 {[%clk 01:33:51]} {[%emt 00:00:24]} 10.
Qe2 {[%clk 01:32:58]} {[%emt 00:00:18]} Na5 {[%clk 01:34:15]} {[%emt 00:00:07]}
11. a4 {[%clk 01:20:40]} {[%emt 00:12:47]} Nxc4 {[%clk 01:34:21]} {[%emt
00:00:25]} 12. Nxc4 {[%clk 01:21:02]} {[%emt 00:00:07]} h6 {[%clk 01:33:22]}
{[%emt 00:01:29]} 13. Bxf6 {[%clk 01:19:41]} {[%emt 00:01:52]} Bxf6 {[%clk
01:32:31]} {[%emt 00:01:22]} 14. Nfd2 {[%clk 01:16:28]} {[%emt 00:03:41]} h5
{[%clk 01:25:06]} {[%emt 01:10:35]} 15. Ne3 {[%clk 01:15:45]} Rd8 {[%clk
01:19:49]} 16. Nd5 {[%clk 01:11:29]} Qc6 {[%clk 01:18:45]} 17. f4 {[%clk
01:07:41]} Be6 {[%clk 01:15:55]} 18. Nxf6+ {[%clk 01:07:18]} exf6 {[%clk
01:15:46]} 19. f5 {[%clk 01:07:20]} Bc8 {[%clk 01:03:35]} 20. Rf3 {[%clk
01:00:14]} b6 {[%clk 00:54:25]} 21. Raf1 {[%clk 00:43:29]} {[%emt 00:07:31]}
Ba6 {[%clk 00:52:57]} {[%emt 00:01:58]} 22. Qxa6 {[%clk 00:43:32]} {[%emt
00:00:27]} Rxd2 {[%clk 00:53:21]} {[%emt 00:00:06]} 23. fxg6 {[%clk 00:43:26]}
{[%emt 00:00:36]} fxg6 {[%clk 00:53:10]} {[%emt 00:00:42]} 24. Qc4+ {[%clk
00:36:15]} {[%emt 00:07:40]} Kg7 {[%clk 00:53:34]} {[%emt 00:00:06]} 25. b4
{[%clk 00:35:33]} {[%emt 00:01:12]} Rd6 {[%clk 00:53:56]} {[%emt 00:00:08]} 26.
e5 {[%clk 00:34:48]} {[%emt 00:01:15]} fxe5 {[%clk 00:49:37]} {[%emt 00:04:49]}
27. Rf7+ {[%clk 00:34:33]} {[%emt 00:00:45]} Kh6 {[%clk 00:48:55]} {[%emt
00:01:12]} 28. Qe2 {[%clk 00:34:44]} {[%emt 00:00:18]} Rg8 {[%clk 00:48:22]}
{[%emt 00:01:03]} 29. Qe3+ {[%clk 00:34:36]} {[%emt 00:00:38]} g5 {[%clk
00:48:46]} {[%emt 00:00:06]} 30. Qxe5 {[%clk 00:34:47]} {[%emt 00:00:19]} Rdg6
{[%clk 00:48:32]} {[%emt 00:00:45]} 31. R1f6 {[%clk 00:33:26]} {[%emt
00:01:51]} Qc8 {[%clk 00:48:07]} {[%emt 00:00:55]} 32. b5 {[%clk 00:28:11]}
{[%emt 00:05:45]} Qd8 {[%clk 00:44:53]} {[%emt 00:03:43]} 33. h3 {[%clk
00:27:12]} {[%emt 00:01:29]} Rxf6 {[%clk 00:45:05]} {[%emt 00:00:19]} 34. Rxf6+
{[%clk 00:27:34]} {[%emt 00:00:08]} Rg6 {[%clk 00:45:29]} {[%emt 00:00:06]} 35.
Rf7 {[%clk 00:27:55]} {[%emt 00:00:08]} Qa8 {[%clk 00:43:30]} {[%emt 00:02:29]}
36. Qe7 {[%clk 00:26:50]} {[%emt 00:01:36]} Qh8 {[%clk 00:43:07]} {[%emt
00:00:53]} 37. Qxa7 {[%clk 00:26:58]} {[%emt 00:00:22]} Re6 {[%clk 00:43:11]}
{[%emt 00:00:26]} 38. Qc7 {[%clk 00:26:58]} {[%emt 00:00:30]} Kg6 {[%clk
00:42:52]} {[%emt 00:00:49]} 39. Rf3 {[%clk 00:26:08]} {[%emt 00:01:20]} Qe8
{[%clk 00:42:40]} {[%emt 00:00:42]} 40. Rd3 {[%clk 00:22:40]} {[%emt 00:03:56]}
Qf8 {[%clk 00:40:24]} {[%emt 00:02:47]} 41. Rf3 {[%clk 00:19:34]} {[%emt
00:03:36]} Qe8 {[%clk 00:40:26]} {[%emt 00:00:28]} 42. Kh2 {[%clk 00:19:55]}
{[%emt 00:00:08]} Re1 {[%clk 00:39:03]} {[%emt 00:01:53]} 43. Qxb6+ {[%clk
00:19:57]} {[%emt 00:00:29]} Re6 {[%clk 00:38:53]} {[%emt 00:00:40]} 44. Qc7
{[%clk 00:20:00]} {[%emt 00:00:26]} Re3 {[%clk 00:36:42]} {[%emt 00:02:41]} 45.
Rxe3 {[%clk 00:19:36]} {[%emt 00:00:55]} Qxe3 {[%clk 00:36:57]} {[%emt
00:00:14]} 46. b6 {[%emt 00:01:21]} 1-0

[Event "DEM U12 2025"]
[Site "Willingen GER"]
[Date "2025.06.08"]
[Round "1"]
[White "Brückner, Julian"]
[Black "Fadeev, Justin Michael"]
[Result "0-1"]
[Termination "normal"]
[Board "4"]
[WhiteElo "1802"]
[BlackElo "2060"]
[WhiteClock "00:09:23"]
[BlackClock "00:09:16"]
[PlyCount "142"]
[WhiteFideId "34630031"]
[BlackFideId "34602968"]
[EventCountry "GER"]
[EventRounds "9"]
[EventType "swiss"]
[EventDate "2025.06.07"]

1. e4 {[%clk 01:30:56]} {[%emt 00:00:03]} c5 {[%clk 01:30:54]} {[%emt
00:00:07]} 2. Nf3 {[%clk 01:31:16]} {[%emt 00:00:10]} Nc6 {[%clk 01:31:14]}
{[%emt 00:00:10]} 3. d4 {[%clk 01:31:35]} {[%emt 00:00:11]} cxd4 {[%clk
01:31:39]} {[%emt 00:00:06]} 4. Nxd4 {[%clk 01:31:47]} {[%emt 00:00:17]} g6
{[%clk 01:32:04]} {[%emt 00:00:05]} 5. Nc3 {[%clk 01:32:04]} {[%emt 00:00:13]}
Bg7 {[%clk 01:32:30]} {[%emt 00:00:05]} 6. Be3 {[%clk 01:32:16]} {[%emt
00:00:18]} Nf6 {[%clk 01:32:50]} {[%emt 00:00:09]} 7. Bc4 {[%clk 01:32:33]}
{[%emt 00:00:13]} Qa5 {[%clk 01:33:02]} {[%emt 00:00:18]} 8. O-O {[%clk
01:32:24]} {[%emt 00:00:39]} O-O {[%clk 01:33:12]} {[%emt 00:00:20]} 9. Bb3
{[%clk 01:32:20]} {[%emt 00:00:35]} d6 {[%clk 01:33:25]} {[%emt 00:00:17]} 10.
h3 {[%clk 01:32:10]} {[%emt 00:00:39]} Bd7 {[%clk 01:33:39]} {[%emt 00:00:17]}
11. Re1 {[%clk 01:31:32]} {[%emt 00:01:07]} Rfe8 {[%clk 01:34:01]} {[%emt
00:00:07]} 12. Qd3 {[%clk 01:30:24]} {[%emt 00:01:39]} Rac8 {[%clk 01:29:46]}
{[%emt 00:04:46]} 13. Rad1 {[%clk 01:27:40]} {[%emt 00:03:13]} Nh5 {[%clk
01:22:23]} {[%emt 00:07:53]} 14. Nxc6 {[%clk 01:18:56]} {[%emt 01:11:55]} Bxc6
{[%clk 01:20:46]} 15. Bd4 {[%clk 01:14:16]} Qg5 {[%clk 01:07:58]} 16. Qf3
{[%clk 01:09:30]} Qf4 {[%clk 01:02:17]} 17. Qxf4 {[%clk 01:06:47]} Nxf4 {[%clk
01:02:44]} 18. Bxg7 {[%clk 01:02:48]} Kxg7 {[%clk 01:03:09]} 19. Nd5 {[%clk
01:01:38]} Nh5 {[%clk 00:48:41]} 20. Nb4 {[%clk 00:56:17]} a5 {[%clk 00:39:59]}
{[%emt 00:08:53]} 21. Nxc6 {[%clk 00:53:57]} {[%emt 00:02:50]} bxc6 {[%clk
00:40:25]} {[%emt 00:00:04]} 22. e5 {[%clk 00:53:35]} {[%emt 00:00:51]} d5
{[%clk 00:38:52]} {[%emt 00:02:04]} 23. Rd4 {[%clk 00:47:18]} {[%emt 00:06:46]}
Kg8 {[%clk 00:36:11]} {[%emt 00:03:11]} 24. c4 {[%clk 00:43:51]} {[%emt
00:03:57]} e6 {[%clk 00:35:49]} {[%emt 00:00:53]} 25. cxd5 {[%clk 00:33:38]}
{[%emt 00:10:42]} cxd5 {[%clk 00:35:18]} {[%emt 00:01:00]} 26. g4 {[%clk
00:33:40]} {[%emt 00:00:28]} Ng7 {[%clk 00:35:41]} {[%emt 00:00:08]} 27. Re3
{[%clk 00:28:43]} {[%emt 00:05:27]} Rc5 {[%clk 00:28:28]} {[%emt 00:07:43]} 28.
Rc3 {[%clk 00:26:20]} {[%emt 00:02:52]} Rec8 {[%clk 00:26:53]} {[%emt
00:02:06]} 29. Rxc5 {[%clk 00:26:01]} {[%emt 00:00:49]} Rxc5 {[%clk 00:27:16]}
{[%emt 00:00:07]} 30. Ba4 {[%clk 00:23:35]} {[%emt 00:02:55]} Kf8 {[%clk
00:23:23]} {[%emt 00:04:24]} 31. b4 {[%clk 00:22:43]} {[%emt 00:01:21]} axb4
{[%clk 00:22:31]} {[%emt 00:01:23]} 32. Rxb4 {[%clk 00:23:05]} {[%emt
00:00:08]} Rc8 {[%clk 00:22:51]} {[%emt 00:00:10]} 33. Rb7 {[%clk 00:18:43]}
{[%emt 00:04:52]} Ne8 {[%clk 00:22:03]} {[%emt 00:01:18]} 34. Bd7 {[%clk
00:16:34]} {[%emt 00:02:38]} Rc7 {[%clk 00:20:39]} {[%emt 00:01:54]} 35. Rxc7
{[%clk 00:16:00]} {[%emt 00:01:06]} Nxc7 {[%clk 00:21:04]} {[%emt 00:00:04]}
36. Kg2 {[%clk 00:13:29]} {[%emt 00:03:01]} Ke7 {[%clk 00:21:24]} {[%emt
00:00:10]} 37. Ba4 {[%clk 00:13:47]} {[%emt 00:00:11]} Na6 {[%clk 00:19:14]}
{[%emt 00:02:41]} 38. a3 {[%clk 00:10:46]} {[%emt 00:03:32]} Nc5 {[%clk
00:16:57]} {[%emt 00:02:48]} 39. Bb5 {[%clk 00:09:10]} {[%emt 00:02:06]} f6
{[%clk 00:11:05]} {[%emt 00:06:22]} 40. f4 {[%clk 00:06:11]} {[%emt 00:03:28]}
fxe5 {[%clk 00:10:21]} {[%emt 00:01:15]} 41. fxe5 {[%clk 00:06:31]} {[%emt
00:00:09]} Nd7 {[%clk 00:09:09]} {[%emt 00:01:42]} 42. a4 {[%clk 00:01:55]}
{[%emt 00:05:06]} Nxe5 {[%clk 00:09:20]} {[%emt 00:00:19]} 43. a5 {[%clk
00:02:17]} {[%emt 00:00:08]} Kd6 {[%clk 00:07:43]} {[%emt 00:02:07]} 44. a6
{[%clk 00:01:23]} {[%emt 00:01:24]} Kc7 {[%clk 00:07:04]} {[%emt 00:01:09]} 45.
Kg3 {[%clk 00:01:08]} {[%emt 00:00:45]} Kb6 {[%clk 00:07:17]} {[%emt 00:00:17]}
46. Kf4 {[%clk 00:01:13]} {[%emt 00:00:25]} Nc4 {[%clk 00:06:15]} {[%emt
00:01:32]} 47. Be8 {[%clk 00:30:00]} {[%emt 00:01:12]} Kxa6 {[%clk 00:34:28]}
{[%emt 00:02:18]} 48. Bf7 {[%clk 00:30:35]} {[%emt 00:00:24]} e5+ {[%clk
00:34:46]} {[%emt 00:00:13]} 49. Kf3 {[%clk 00:28:33]} {[%emt 00:02:31]} Nb6
{[%clk 00:31:09]} {[%emt 00:04:06]} 50. h4 {[%clk 00:25:53]} {[%emt 00:03:12]}
Kb5 {[%clk 00:30:10]} {[%emt 00:01:30]} 51. Bg8 {[%clk 00:24:46]} {[%emt
00:01:36]} h6 {[%clk 00:25:59]} {[%emt 00:04:42]} 52. g5 {[%clk 00:24:34]}
{[%emt 00:00:42]} hxg5 {[%clk 00:26:19]} {[%emt 00:00:10]} 53. hxg5 {[%clk
00:24:54]} {[%emt 00:00:10]} Kc4 {[%clk 00:25:59]} {[%emt 00:00:49]} 54. Bf7
{[%clk 00:23:27]} {[%emt 00:01:57]} Kd3 {[%clk 00:24:49]} {[%emt 00:01:41]} 55.
Bxg6+ {[%clk 00:23:46]} {[%emt 00:00:11]} e4 {[%clk 00:25:15]} {[%emt
00:00:05]} 56. Kf4 {[%clk 00:23:26]} {[%emt 00:00:48]} Nc8 {[%clk 00:22:42]}
{[%emt 00:03:04]} 57. Ke5 {[%clk 00:20:10]} {[%emt 00:03:46]} Ne7 {[%clk
00:21:18]} {[%emt 00:01:53]} 58. Bh7 {[%clk 00:20:05]} {[%emt 00:00:35]} Ke3
{[%clk 00:14:53]} {[%emt 00:06:55]} 59. Kd6 {[%clk 00:20:11]} {[%emt 00:00:24]}
Kd2 {[%clk 00:13:42]} {[%emt 00:01:43]} 60. Kxe7 {[%clk 00:17:04]} {[%emt
00:03:36]} e3 {[%clk 00:14:08]} {[%emt 00:00:04]} 61. g6 {[%clk 00:16:25]}
{[%emt 00:01:09]} e2 {[%clk 00:14:32]} {[%emt 00:00:05]} 62. g7 {[%clk
00:16:13]} {[%emt 00:00:43]} e1=Q+ {[%clk 00:14:56]} {[%emt 00:00:07]} 63. Kf8
{[%clk 00:16:17]} {[%emt 00:00:25]} Qf2+ {[%clk 00:14:17]} {[%emt 00:01:09]}
64. Kg8 {[%clk 00:15:55]} {[%emt 00:00:52]} d4 {[%clk 00:10:38]} {[%emt
00:04:09]} 65. Bg6 {[%clk 00:15:31]} {[%emt 00:00:54]} d3 {[%clk 00:10:43]}
{[%emt 00:00:26]} 66. Bf7 {[%clk 00:13:15]} {[%emt 00:02:45]} Kc3 {[%clk
00:09:36]} {[%emt 00:01:37]} 67. Kf8 {[%clk 00:10:56]} {[%emt 00:02:49]} Qc5+
{[%clk 00:09:51]} {[%emt 00:00:16]} 68. Ke8 {[%clk 00:11:20]} {[%emt 00:00:06]}
Qc8+ {[%clk 00:10:11]} {[%emt 00:00:10]} 69. Ke7 {[%clk 00:11:37]} {[%emt
00:00:13]} d2 {[%clk 00:10:04]} {[%emt 00:00:37]} 70. Bh5 {[%clk 00:09:25]}
{[%emt 00:02:41]} Qg8 {[%clk 00:08:53]} {[%emt 00:01:40]} 71. Kf6 {[%clk
00:09:23]} {[%emt 00:00:33]} Kc2 {[%clk 00:09:16]} {[%emt 00:00:07]} 0-1